000 00451nmm a2200169Ia 4500
008 251105s9999||||xx |||||||||||||||||und||
020 _a9788493944346
041 _aspa
100 _aCrespo, Mario
245 0 _aBiblioteca Nacional
264 _a[Madrid, España] :
_bEutelequia,
_c2012
300 _a155 páginas
490 _aNarrativa
650 _aSpanish narrative
856 _uhttps://public.digitaliapublishing.com/a/17491
942 _cCF
999 _c89291
_d89291